Müasir beynəlxalq münasibətlər və Azərbaycanın xarici siyasəti (Record no. 475)
[ view plain ]
| 000 -LEADER | |
|---|---|
| fixed length control field | 03563nam a2200373 4500 |
| 003 - CONTROL NUMBER IDENTIFIER | |
| control field | OSt |
| 005 - DATE AND TIME OF LATEST TRANSACTION | |
| control field | 20260514101500.0 |
| 008 - FIXED-LENGTH DATA ELEMENTS--GENERAL INFORMATION | |
| fixed length control field | 260514b |||||||| |||| 00| 0 aze d |
| 040 ## - CATALOGING SOURCE | |
| Original cataloging agency | AZ-XaKU |
| Language of cataloging | aze |
| Transcribing agency | AZ-XaKU |
| 041 0# - LANGUAGE CODE | |
| Language code of text/sound track or separate title | aze |
| 050 14 - LIBRARY OF CONGRESS CALL NUMBER | |
| Classification number | JZ1464 .H29 2005 |
| 100 1# - MAIN ENTRY--PERSONAL NAME | |
| Personal name | Həsənov, Əli, |
| Relator term | müəllif. |
| 245 1# - TITLE STATEMENT | |
| Title | Müasir beynəlxalq münasibətlər və Azərbaycanın xarici siyasəti |
| Remainder of title | / Əli Həsənov ; elmi redaktorlar Seyfəddin Qəndilov, Ərəstun Mehdiyev ; rəyçilər Musa Qasımlı, Namiq Axundov ; məsləhətçilər Novruz Məmmədov, Xələf Xələfov |
| 264 ## - PRODUCTION, PUBLICATION, DISTRIBUTION, MANUFACTURE, AND COPYRIGHT NOTICE | |
| Place of production, publication, distribution, manufacture | Bakı: |
| Name of producer, publisher, distributor, manufacturer | "Azərbaycan" nəşriyyatı, |
| Date of production, publication, distribution, manufacture, or copyright notice | 2005. |
| 300 ## - PHYSICAL DESCRIPTION | |
| Extent | 752 səhifə ; |
| Dimensions | 22 sm. |
| 336 ## - CONTENT TYPE | |
| Content type term | text |
| Content type code | txt |
| Source | rdacontent |
| 337 ## - MEDIA TYPE | |
| Media type term | unmediated |
| Media type code | n |
| Source | rdamedia |
| 338 ## - CARRIER TYPE | |
| Carrier type term | volume |
| Carrier type code | nc |
| Source | rdacarrier |
| 500 ## - GENERAL NOTE | |
| General note | Azərbaycan Respublikasının Prezidenti yanında Dövlət İdarəçilik Akademiyasının Böyük Elmi Şurasının tövsiyəsi, Azərbaycan Respublikasının təhsil nazirinin 12 sentyabr 2005-ci il tarixli, 653 №-li əmri ilə ali məktəblərin “Beynəlxalq münasibətlər” ixtisası üzrə dərslik kimi təsdiq edilmişdir. |
| 504 ## - BIBLIOGRAPHY, ETC. NOTE | |
| Bibliography, etc. note | Dərslik üzrə istifadə oluna biləcək digər xarici ədəbiyyat və internet resursları: s. 740-751 |
| 505 0# - Formatted Contents Note | |
| Formatted contents note | I Hissə. Beynəlxalq münasibətlər sistemi: yaranması, inkişafı, müasir xarakteristikası və tendensiyaları ; I Fəsil. Beynəlxalq münasibətlər: nəzəri mənbələr, konseptual yanaşmalar -- II Fəsil. Beynəlxalq münasibətlər sistemi: formalaşma tarixi və əsas inkişaf mərhələləri -- III Fəsil. Müasir beynəlxalq münasibətlər sisteminin yaranması: xarakteristikası, tendensiyaları və əsas aktorları -- II Hissə. Azərbaycanın xarici siyasəti və müasir beynəlxalq münasibətlər sisteminə qatılması ; IV Fəsil. Azərbaycanın beynəlxalq münasibətlər sisteminə qatılması: xarici siyasət fəaliyyətinin formalaşması və inkişafı -- V Fəsil. Azərbaycan müasir beynəlxalq münasibətlər sistemində: ikitərəfli əlaqələr -- VI Fəsil. Azərbaycanın beynəlxalq aləmlə çoxtərəfli münasibətləri -- VII Fəsil. Azərbaycan regional münasibətlər sistemində: ikitərəfli əlaqələr -- VIII Fəsil. Avrasiya subregional inteqrasiyası və Azərbaycanın çoxtərəfli regional əlaqələri -- IX Fəsil. Dünya ölkələrinin enerji siyasəti və Azərbaycanın yeni neft strategiyası -- X Fəsil. Azərbayacanın təhlükəsizlik problemləri və Ermənistan-Azərbaycan, Dağlıq Qarabağ münaqişəsi. |
| 520 0# - SUMMARY, ETC. | |
| Summary, etc. | Dərslikdə beynəlxalq münasibətlər sisteminin formalaşması və inkişaf mərhələləri, müasir dünya siyasətinin xarakteristikası, tendensiyaları və əsas aktorları, beynəlxalq və regional məsələlər, o cümlədən müstəqil Azərbaycan Respublikasının xarici siyasəti öz əksini tapmışdır. |
| 521 ## - TARGET AUDIENCE NOTE | |
| Target audience note | Dərslik ali məktəblərin uyğun ixtisasları və müvafiq fakültələrinin tələbələri, aspirantlar, gənc diplomatlar və beynəlxalq münasibətlərlə maraqlanan digər oxucular üçün nəzərdə tutulmuşdur. |
| 650 #7 - SUBJECT ADDED ENTRY--TOPICAL TERM | |
| Topical term or geographic name entry element | Beynəlxalq münasibətlər |
| Source of heading or term | AZ-XaKU |
| 655 ## - INDEX TERM--GENRE/FORM | |
| Source of term | Az-XaKU |
| Genre/form data or focus term | dərslik |
| 700 1# - ADDED ENTRY--PERSONAL NAME | |
| Personal name | Qəndilov, Seyfəddin, |
| Relator term | elmi redaktor. |
| 700 1# - ADDED ENTRY--PERSONAL NAME | |
| Personal name | Mehdiyev, Ərəstun, |
| Relator term | elmi redaktor. |
| 700 1# - ADDED ENTRY--PERSONAL NAME | |
| Personal name | Qasımlı, Musa, |
| Relator term | rəyçi. |
| 700 1# - ADDED ENTRY--PERSONAL NAME | |
| Personal name | Axundov, Namiq, |
| Relator term | rəyçi. |
| 700 1# - ADDED ENTRY--PERSONAL NAME | |
| Personal name | Məmmədov, Novruz, |
| Relator term | məsləhətçi. |
| 700 1# - ADDED ENTRY--PERSONAL NAME | |
| Personal name | Xələfov, Xələf, |
| Relator term | məsləhətçi. |
| 942 ## - ADDED ENTRY ELEMENTS (KOHA) | |
| Koha item type | Book |
| Withdrawn status | Lost status | Source of classification or shelving scheme | Damaged status | Not for loan | Collection | Home library | Current library | Date acquired | Total checkouts | Full call number | Barcode | Date last seen | Copy number | Price effective from | Koha item type |
|---|---|---|---|---|---|---|---|---|---|---|---|---|---|---|---|
| Library of Congress Classification | General Collection | Karabakh University Main Library | Karabakh University Main Library | 05/14/2026 | JZ1464 .H29 2005 | 0000000356 | 05/14/2026 | 1 | 05/14/2026 | Book |